000 00743nam a2200205Ii 4500
001 2085
003 CO-ViMGA
008 241108s9999||||xx |||||||||||||| ||und||
040 _aCO-ViMGA
_bspa
_erda
_cCO-ViMGA
041 0 _aspa
082 0 4 _a746.0986151 M87c
110 1 _aMuseo de Artes y Tradiciones Populares. Bogotá
_953179
245 1 0 _aArtesanía, comunidad y desarrollo, memoria y futuro [videocasete] :
_bComunidad indígena Waunana, Chocó
264 1 _a[Lugar de publicación no identificado] : Museo de Artes y Tradiciones Populares, 1992
300 _avolumen
336 _atext
_btxt
_2rdacontent
337 _aunmediated
_bn
_2rdamedia
338 _avolume
_bnc
_2rdacarrier
940 _aidficha_siabuc: 2040. -- ficha_no_siabuc:2085
999 _c49419
_d49419